Cliquez pour traduire - Anglais - Statistiques

Statistiques générales
  • Ce quiz a été pris 2 515 fois
  • Le résultat moyen est 19 sur 20
Statistiques - réponses
Hint Réponse % Correct
Pomme Apple
99%
Livre Book
98%
Voiture Car
98%
Ordinateur Computer
98%
Poisson Fish
98%
Tête Head
98%
Maison House
98%
Mercredi Wednesday
98%
Jaune Yellow
98%
Bateau Boat
97%
Pain Bread
97%
Cheval Horse
97%
Magasin Shop
97%
Ville Town
97%
Semaine Week
97%
Vin Wine
97%
Nuage Cloud
96%
Fleuve River
96%
Arbre Tree
96%
Herbe Grass
93%
Aucun quiz correspondant
Distribution des résultats
% des personnes avec chaque résultat
Percentile par nombre de réponses
Votre historique - résultats
Vous n’avez pas pris ce quiz